<?xml version="1.0" encoding="UTF-8"?>
<record
    xmlns:xsi="http://www.w3.org/2001/XMLSchema-instance"
    xsi:schemaLocation="http://www.loc.gov/MARC21/slim http://www.loc.gov/standards/marcxml/schema/MARC21slim.xsd"
    xmlns="http://www.loc.gov/MARC21/slim">

  <leader>00685nas a22002057a 4500</leader>
  <controlfield tag="003">OSt</controlfield>
  <controlfield tag="005">20160512185413.0</controlfield>
  <controlfield tag="008">130409c1997    sp a|||| |||| 00| 00cat d</controlfield>
  <datafield tag="040" ind1=" " ind2=" ">
    <subfield code="c">CDMR</subfield>
    <subfield code="b">cat</subfield>
  </datafield>
  <datafield tag="110" ind1="2" ind2=" ">
    <subfield code="9">4391</subfield>
    <subfield code="a">Consell de la Informaci&#xF3; de Catalunya</subfield>
  </datafield>
  <datafield tag="245" ind1="1" ind2=" ">
    <subfield code="a">Fundaci&#xF3; Consell de la Informaci&#xF3; de Catalunya</subfield>
    <subfield code="b">: informe mem&#xF2;ria </subfield>
  </datafield>
  <datafield tag="260" ind1=" " ind2=" ">
    <subfield code="a">Barcelona </subfield>
    <subfield code="b">Fundaci&#xF3; Consell de la Informaci&#xF3; de Catalunya</subfield>
    <subfield code="c">1997 -</subfield>
  </datafield>
  <datafield tag="300" ind1=" " ind2=" ">
    <subfield code="a">v.</subfield>
    <subfield code="c">29 cm</subfield>
  </datafield>
  <datafield tag="310" ind1=" " ind2=" ">
    <subfield code="a">anual</subfield>
  </datafield>
  <datafield tag="362" ind1=" " ind2=" ">
    <subfield code="a">1997 -</subfield>
  </datafield>
  <datafield tag="500" ind1=" " ind2=" ">
    <subfield code="a">Descripci&#xF3; feta a partir de: any 2012</subfield>
  </datafield>
  <datafield tag="610" ind1=" " ind2=" ">
    <subfield code="9">4391</subfield>
    <subfield code="a">Consell de la Informaci&#xF3; de Catalunya</subfield>
    <subfield code="v">Mem&#xF2;ries</subfield>
  </datafield>
  <datafield tag="650" ind1="0" ind2="0">
    <subfield code="9">983</subfield>
    <subfield code="a">&#xC8;tica period&#xED;stica</subfield>
    <subfield code="z">Catalunya</subfield>
  </datafield>
  <datafield tag="942" ind1=" " ind2=" ">
    <subfield code="c">SER</subfield>
    <subfield code="2">udc</subfield>
  </datafield>
  <datafield tag="999" ind1=" " ind2=" ">
    <subfield code="c">6067</subfield>
    <subfield code="d">6067</subfield>
  </datafield>
  <datafield tag="952" ind1=" " ind2=" ">
    <subfield code="0">0</subfield>
    <subfield code="1">0</subfield>
    <subfield code="4">0</subfield>
    <subfield code="7">0</subfield>
    <subfield code="a">CDMR</subfield>
    <subfield code="b">CDMR</subfield>
    <subfield code="d">2013-04-09</subfield>
    <subfield code="e">Donaci&#xF3;</subfield>
    <subfield code="h">2012</subfield>
    <subfield code="l">0</subfield>
    <subfield code="o">Ci 1.2 /3</subfield>
    <subfield code="p">CDMR13046170</subfield>
    <subfield code="r">2013-04-09</subfield>
    <subfield code="w">2013-04-09</subfield>
    <subfield code="y">MON</subfield>
  </datafield>
  <datafield tag="952" ind1=" " ind2=" ">
    <subfield code="0">0</subfield>
    <subfield code="1">0</subfield>
    <subfield code="4">0</subfield>
    <subfield code="7">0</subfield>
    <subfield code="a">CDMR</subfield>
    <subfield code="b">CDMR</subfield>
    <subfield code="d">2016-05-12</subfield>
    <subfield code="h">2007</subfield>
    <subfield code="l">0</subfield>
    <subfield code="o">Ci 1.2 /12</subfield>
    <subfield code="p">CDMR13110456</subfield>
    <subfield code="r">2016-05-12</subfield>
    <subfield code="w">2016-05-12</subfield>
    <subfield code="y">SER</subfield>
  </datafield>
  <datafield tag="952" ind1=" " ind2=" ">
    <subfield code="0">0</subfield>
    <subfield code="1">0</subfield>
    <subfield code="4">0</subfield>
    <subfield code="7">0</subfield>
    <subfield code="a">CDMR</subfield>
    <subfield code="b">CDMR</subfield>
    <subfield code="d">2016-05-12</subfield>
    <subfield code="e">Donaci&#xF3;</subfield>
    <subfield code="h">2014</subfield>
    <subfield code="l">0</subfield>
    <subfield code="o">Ci 1.2/17</subfield>
    <subfield code="p">CDMR16050006</subfield>
    <subfield code="r">2016-05-12</subfield>
    <subfield code="w">2016-05-12</subfield>
    <subfield code="y">SER</subfield>
  </datafield>
  <datafield tag="952" ind1=" " ind2=" ">
    <subfield code="0">0</subfield>
    <subfield code="1">0</subfield>
    <subfield code="4">0</subfield>
    <subfield code="7">0</subfield>
    <subfield code="a">CDMR</subfield>
    <subfield code="b">CDMR</subfield>
    <subfield code="d">2016-05-12</subfield>
    <subfield code="e">Donaci&#xF3;</subfield>
    <subfield code="h">2009</subfield>
    <subfield code="l">0</subfield>
    <subfield code="o">Ci 1.2 /10</subfield>
    <subfield code="p">CDMR13156788</subfield>
    <subfield code="r">2016-05-12</subfield>
    <subfield code="w">2016-05-12</subfield>
    <subfield code="y">SER</subfield>
  </datafield>
  <datafield tag="952" ind1=" " ind2=" ">
    <subfield code="0">0</subfield>
    <subfield code="1">0</subfield>
    <subfield code="4">0</subfield>
    <subfield code="7">0</subfield>
    <subfield code="a">CDMR</subfield>
    <subfield code="b">CDMR</subfield>
    <subfield code="d">2016-05-12</subfield>
    <subfield code="e">Donaci&#xF3;</subfield>
    <subfield code="h">2010</subfield>
    <subfield code="l">0</subfield>
    <subfield code="o">Ci 1.2 /9</subfield>
    <subfield code="p">CDMR13156789</subfield>
    <subfield code="r">2016-05-12</subfield>
    <subfield code="w">2016-05-12</subfield>
    <subfield code="y">SER</subfield>
  </datafield>
  <datafield tag="952" ind1=" " ind2=" ">
    <subfield code="0">0</subfield>
    <subfield code="1">0</subfield>
    <subfield code="4">0</subfield>
    <subfield code="7">0</subfield>
    <subfield code="a">CDMR</subfield>
    <subfield code="b">CDMR</subfield>
    <subfield code="d">2016-05-12</subfield>
    <subfield code="e">Donaci&#xF3;</subfield>
    <subfield code="h">2002</subfield>
    <subfield code="l">0</subfield>
    <subfield code="o">Ci 1.2 /7</subfield>
    <subfield code="p">CDMR13123456</subfield>
    <subfield code="r">2016-05-12</subfield>
    <subfield code="w">2016-05-12</subfield>
    <subfield code="y">SER</subfield>
  </datafield>
  <datafield tag="952" ind1=" " ind2=" ">
    <subfield code="0">0</subfield>
    <subfield code="1">0</subfield>
    <subfield code="4">0</subfield>
    <subfield code="7">0</subfield>
    <subfield code="a">CDMR</subfield>
    <subfield code="b">CDMR</subfield>
    <subfield code="d">2016-05-12</subfield>
    <subfield code="e">Donaci&#xF3;</subfield>
    <subfield code="h">2003</subfield>
    <subfield code="l">0</subfield>
    <subfield code="o">Ci 1.2 /16</subfield>
    <subfield code="p">CDMR13156737</subfield>
    <subfield code="r">2016-05-12</subfield>
    <subfield code="w">2016-05-12</subfield>
    <subfield code="y">SER</subfield>
  </datafield>
  <datafield tag="952" ind1=" " ind2=" ">
    <subfield code="0">0</subfield>
    <subfield code="1">0</subfield>
    <subfield code="4">0</subfield>
    <subfield code="7">0</subfield>
    <subfield code="a">CDMR</subfield>
    <subfield code="b">CDMR</subfield>
    <subfield code="d">2016-05-12</subfield>
    <subfield code="e">Donaci&#xF3;</subfield>
    <subfield code="h">2004</subfield>
    <subfield code="l">0</subfield>
    <subfield code="o">Ci 1.2 /15</subfield>
    <subfield code="p">CDMR13116781</subfield>
    <subfield code="r">2016-05-12</subfield>
    <subfield code="w">2016-05-12</subfield>
    <subfield code="y">SER</subfield>
  </datafield>
  <datafield tag="952" ind1=" " ind2=" ">
    <subfield code="0">0</subfield>
    <subfield code="1">0</subfield>
    <subfield code="4">0</subfield>
    <subfield code="7">0</subfield>
    <subfield code="a">CDMR</subfield>
    <subfield code="b">CDMR</subfield>
    <subfield code="d">2016-05-12</subfield>
    <subfield code="e">Donaci&#xF3;</subfield>
    <subfield code="h">2005</subfield>
    <subfield code="l">0</subfield>
    <subfield code="o">Ci 1.2 /14</subfield>
    <subfield code="p">CDMR13115678</subfield>
    <subfield code="r">2016-05-12</subfield>
    <subfield code="w">2016-05-12</subfield>
    <subfield code="y">SER</subfield>
  </datafield>
  <datafield tag="952" ind1=" " ind2=" ">
    <subfield code="0">0</subfield>
    <subfield code="1">0</subfield>
    <subfield code="4">0</subfield>
    <subfield code="7">0</subfield>
    <subfield code="a">CDMR</subfield>
    <subfield code="b">CDMR</subfield>
    <subfield code="d">2016-05-12</subfield>
    <subfield code="e">Donaci&#xF3;</subfield>
    <subfield code="h">2006</subfield>
    <subfield code="l">0</subfield>
    <subfield code="o">Ci 1.2 /13</subfield>
    <subfield code="p">CDMR19876567</subfield>
    <subfield code="r">2016-05-12</subfield>
    <subfield code="w">2016-05-12</subfield>
    <subfield code="y">SER</subfield>
  </datafield>
  <datafield tag="952" ind1=" " ind2=" ">
    <subfield code="0">0</subfield>
    <subfield code="1">0</subfield>
    <subfield code="4">0</subfield>
    <subfield code="7">0</subfield>
    <subfield code="a">CDMR</subfield>
    <subfield code="b">CDMR</subfield>
    <subfield code="d">2016-05-12</subfield>
    <subfield code="e">Donaci&#xF3;</subfield>
    <subfield code="h">2001</subfield>
    <subfield code="l">0</subfield>
    <subfield code="o">Ci 1.2 /6</subfield>
    <subfield code="p">CDMR13112345</subfield>
    <subfield code="r">2016-05-12</subfield>
    <subfield code="w">2016-05-12</subfield>
    <subfield code="y">SER</subfield>
  </datafield>
  <datafield tag="952" ind1=" " ind2=" ">
    <subfield code="0">0</subfield>
    <subfield code="1">0</subfield>
    <subfield code="4">0</subfield>
    <subfield code="7">0</subfield>
    <subfield code="a">CDMR</subfield>
    <subfield code="b">CDMR</subfield>
    <subfield code="d">2016-05-12</subfield>
    <subfield code="e">Donaci&#xF3;</subfield>
    <subfield code="h">2011</subfield>
    <subfield code="l">0</subfield>
    <subfield code="o">Ci 1.2 /8</subfield>
    <subfield code="p">CDMR13046171</subfield>
    <subfield code="r">2016-05-12</subfield>
    <subfield code="w">2016-05-12</subfield>
    <subfield code="y">SER</subfield>
  </datafield>
  <datafield tag="952" ind1=" " ind2=" ">
    <subfield code="0">0</subfield>
    <subfield code="1">0</subfield>
    <subfield code="4">0</subfield>
    <subfield code="7">0</subfield>
    <subfield code="a">CDMR</subfield>
    <subfield code="b">CDMR</subfield>
    <subfield code="d">2016-05-12</subfield>
    <subfield code="e">Donaci&#xF3;</subfield>
    <subfield code="h">2008</subfield>
    <subfield code="l">0</subfield>
    <subfield code="o">Ci 1.2 /11</subfield>
    <subfield code="p">CDMR13114589</subfield>
    <subfield code="r">2016-05-12</subfield>
    <subfield code="w">2016-05-12</subfield>
    <subfield code="y">SER</subfield>
  </datafield>
  <datafield tag="952" ind1=" " ind2=" ">
    <subfield code="0">0</subfield>
    <subfield code="1">0</subfield>
    <subfield code="4">0</subfield>
    <subfield code="7">0</subfield>
    <subfield code="a">CDMR</subfield>
    <subfield code="b">CDMR</subfield>
    <subfield code="d">2016-05-12</subfield>
    <subfield code="e">Donaci&#xF3;</subfield>
    <subfield code="h">1997</subfield>
    <subfield code="l">0</subfield>
    <subfield code="o">Ci 1.2 /1</subfield>
    <subfield code="p">CDMR13097482</subfield>
    <subfield code="r">2016-05-12</subfield>
    <subfield code="w">2016-05-12</subfield>
    <subfield code="y">SER</subfield>
  </datafield>
  <datafield tag="952" ind1=" " ind2=" ">
    <subfield code="0">0</subfield>
    <subfield code="1">0</subfield>
    <subfield code="4">0</subfield>
    <subfield code="7">0</subfield>
    <subfield code="a">CDMR</subfield>
    <subfield code="b">CDMR</subfield>
    <subfield code="d">2016-05-12</subfield>
    <subfield code="e">Donaci&#xF3;</subfield>
    <subfield code="h">1998 </subfield>
    <subfield code="l">0</subfield>
    <subfield code="o">Ci 1.2 /2</subfield>
    <subfield code="p">CDMR13097481</subfield>
    <subfield code="r">2016-05-12</subfield>
    <subfield code="w">2016-05-12</subfield>
    <subfield code="y">SER</subfield>
  </datafield>
  <datafield tag="952" ind1=" " ind2=" ">
    <subfield code="0">0</subfield>
    <subfield code="1">0</subfield>
    <subfield code="4">0</subfield>
    <subfield code="7">0</subfield>
    <subfield code="a">CDMR</subfield>
    <subfield code="b">CDMR</subfield>
    <subfield code="d">2016-05-12</subfield>
    <subfield code="e">Donaci&#xF3;</subfield>
    <subfield code="h">1999 - 2000</subfield>
    <subfield code="l">0</subfield>
    <subfield code="o">Ci 1.2 /5</subfield>
    <subfield code="p">CDMR13111234</subfield>
    <subfield code="r">2016-05-12</subfield>
    <subfield code="w">2016-05-12</subfield>
    <subfield code="y">SER</subfield>
  </datafield>
  <datafield tag="952" ind1=" " ind2=" ">
    <subfield code="0">0</subfield>
    <subfield code="1">0</subfield>
    <subfield code="4">0</subfield>
    <subfield code="7">0</subfield>
    <subfield code="a">CDMR</subfield>
    <subfield code="b">CDMR</subfield>
    <subfield code="d">2018-01-24</subfield>
    <subfield code="e">Donaci&#xF3;</subfield>
    <subfield code="h">2015</subfield>
    <subfield code="l">0</subfield>
    <subfield code="o">Ci 1.2/18</subfield>
    <subfield code="p">CDMR18010022</subfield>
    <subfield code="r">2018-01-24</subfield>
    <subfield code="w">2018-01-24</subfield>
    <subfield code="y">SER</subfield>
  </datafield>
  <datafield tag="952" ind1=" " ind2=" ">
    <subfield code="0">0</subfield>
    <subfield code="1">0</subfield>
    <subfield code="4">0</subfield>
    <subfield code="7">0</subfield>
    <subfield code="a">CDMR</subfield>
    <subfield code="b">CDMR</subfield>
    <subfield code="d">2018-01-24</subfield>
    <subfield code="e">Donaci&#xF3;</subfield>
    <subfield code="h">2016</subfield>
    <subfield code="l">0</subfield>
    <subfield code="o">Ci 1.2/19</subfield>
    <subfield code="p">CDMR18010023</subfield>
    <subfield code="r">2018-01-24</subfield>
    <subfield code="w">2018-01-24</subfield>
    <subfield code="y">SER</subfield>
  </datafield>
</record>
